| 000 | 00942cam a2200241 i 4500 | ||
|---|---|---|---|
| 003 | SA-RiAUC | ||
| 005 | 20250906084837.0 | ||
| 008 | 250902s1979 le g 000 0 ara c | ||
| 040 |
_aSA-JeALM _bara _cSA-RiAUC _erda |
||
| 082 | 0 | 4 |
_a907.2 _qSA-RiAUC |
| 090 |
_a907.2 _bس خ ا |
||
| 100 | 1 |
_aالسخاوي، محمد بن عبد الرحمن بن محمد، _d831-902 هجري _eمؤلف. |
|
| 245 | 1 | 2 |
_aالإعلان بالتوبيخ لمن ذم التاريخ / _cمحمد بن عبد الرحمن بن محمد السخاوي. |
| 264 | 1 |
_aبيروت : _bدار الكتاب العربي، _c1979. |
|
| 300 |
_a174 صفحة ؛ _c24 سم |
||
| 336 |
_aنص _btxt _2rdacontent _3كتاب |
||
| 337 |
_aبدون وسيط _bn _2rdamedia |
||
| 338 |
_aمجلد _bnc _2rdacarrier |
||
| 650 | 7 |
_aالتاريخ الإسلامي _2aucsh |
|
| 650 | 7 |
_aالتأريخ _2aucsh |
|
| 942 |
_2ddc _cBOOK _n0 |
||
| 949 |
_aSA-JeALM _d250902 _uosman123 _n1 |
||
| 999 |
_c11441 _d11441 |
||